Les 20 joueurs avec le plus de Ligue des Champions. - Statistiques

Statistiques générales
  • Ce quiz a été pris 486 fois
  • Le résultat moyen est 15 sur 20
Statistiques - réponses
LDC Joueurs Années % Correct
5 Cristiano Ronaldo 2008-2014-2016-2017-2018
99%
5 Luka Modric 2014-2016-2017-2018-2022
97%
5 Karim Benzema 2014-2016-2017-2018-2022
95%
4 Lionel Messi 2006-2009-2011-2015
95%
5 Toni Kroos 2013-2016-2017-2018-2022
93%
4 Andres Iniesta 2006-2009-2011-2015
85%
4 Sergio Ramos 2014-2016-2017-2018
85%
4 Xavi 2006-2009-2011-2015
83%
5 Dani Carvajal 2014-2016-2017-2018-2022
82%
5 Marcelo 2014-2016-2017-2018-2022
82%
5 Gareth Bale 2014-2016-2017-2018-2022
80%
5 Casemiro 2014-2016-2017-2018-2022
76%
4 Raphael Varane 2014-2016-2017-2018
75%
4 Gerard Pique 2008-2009-2011-2015
68%
5 Nacho 2014-2016-2017-2018-2022
59%
5 Isco 2014-2016-2017-2018-2022
53%
3 Samuel Eto'o 2006-2009-2010
50%
3 David Alaba 2013-2020-2022
48%
4 Lucas Vazquez 2016-2017-2018-2022
37%
4 Mateo Kovacic 2016-2017-2018-2021
32%
Aucun quiz correspondant
Distribution des résultats
% des personnes avec chaque résultat
Percentile par nombre de réponses
Votre historique - résultats
Vous n’avez pas pris ce quiz